Central Library OPAC University of Rajshahi

বসন্ত ১৯৭১ : (Record no. 38873)

MARC details
000 -LEADER
fixed length control field 01212nam a2200253 a 4500
001 - CONTROL NUMBER
control field 38873
003 - CONTROL NUMBER IDENTIFIER
rucl marc code BD-RjUL
005 - DATE AND TIME OF LATEST TRANSACTION
control field 20211209052856.0
008 - FIXED-LENGTH DATA ELEMENTS--GENERAL INFORMATION
fixed length control field 160 s2015 bg ||||e b||| 00| 0 ben d
020 ## - INTERNATIONAL STANDARD BOOK NUMBER
International Standard Book Number 9789849076452
Terms of availability : Tk. 400.00
035 ## - SYSTEM CONTROL NUMBER
System control number (BD-RjUL) 38983
040 ## - CATALOGING SOURCE
Original cataloging agency BD-RjUL
Language of cataloging ben
Transcribing agency BD-RjUL
041 ## - LANGUAGE CODE
Language code of text/sound track or separate title ben
082 ## - DEWEY DECIMAL CLASSIFICATION NUMBER
Classification number 954.9205
Author mark and year KHB 2015
Edition number 23
100 ## - MAIN ENTRY--PERSONAL NAME
Personal name খান, ফারুক আজিজ
9 (RLIN) 119888
245 10 - TITLE STATEMENT
Title বসন্ত ১৯৭১ :
Remainder of title মুজিবনগর সরকারের কেন্দ্র থেকে দেখা মুক্তিযুদ্ধ /
Statement of responsibility, etc. ফারুক আজিজ খান ; অনুবাদ : আসজাদুল কিবরিয়া
260 ## - PUBLICATION, DISTRIBUTION, ETC. (IMPRINT)
Place of publication, distribution, etc. ঢাকা :
Name of publisher, distributor, etc. প্রথমা প্রকাশন,
Date of publication, distribution, etc. ২০১৫
300 ## - PHYSICAL DESCRIPTION
Pagination [৬], ২০৮ পৃ.
Size ; ২২ সেমি.
504 ## - BIBLIOGRAPHY, ETC. NOTE
Bibliography, etc গ্রন্থপঞ্জি সম্বলিত
651 ## - SUBJECT ADDED ENTRY--GEOGRAPHIC NAME
Geographic name বাংলাদেশ
General subdivision ইতিহাস
Chronological subdivision বিপ্লব , ১৯৭১
9 (RLIN) 123835
Geographic name Bangladesh
General subdivision History
Chronological subdivision Revolution, 1971
9 (RLIN) 118874
700 ## - ADDED ENTRY--PERSONAL NAME
Personal name কিবরিয়া, আসজাদুল, অনুবাদ
942 ## - ADDED ENTRY ELEMENTS (KOHA)
Source of classification or shelving scheme Dewey Decimal Classification
Koha item type Books
Holdings
Lost status Source of classification or shelving scheme Damaged status Not for loan Collection code Permanent Location Current Location Shelving location Date acquired Source of acquisition Cost, normal purchase price Total Checkouts Full call number Date last seen Copy number Koha item type
  Dewey Decimal Classification   Not For Loan Non-fiction Central Library, University of Rajshahi Central Library, University of Rajshahi Reading Room 04/04/2015 Prothoma Prokashana, Dhaka 400.00   B 954.9205 KHB 2015 19/03/2016 C-1 Books
  Dewey Decimal Classification     Non-fiction Central Library, University of Rajshahi Central Library, University of Rajshahi   04/04/2015 Proma Prokashan, Dhaka 400.00   B 954.9205 KHB 2015 19/03/2016 C-2 Books